El cartero del rey
Saved in:
| Main Author: | |
|---|---|
| Format: | Book |
| Language: | Spanish |
| Published: |
Buenos Aires
Losada
1944
|
| Edition: | 3a. ed |
| Series: | Biblioteca Contemporánea, 5
|
| Subjects: | |
| Tags: |
Add Tag
No Tags, Be the first to tag this record!
|
MARC
| LEADER | 00000nam a2200000 a 4500 | ||
|---|---|---|---|
| 001 | UCT4164 | ||
| 003 | CL-VaPUC | ||
| 008 | 961108e19440000AG |||||||||||||||||spa|d | ||
| 082 | 0 | 4 | |a 891.402 |b TAG |2 21 |
| 100 | |a Tagore, Rabindranath, |d 1861-1941 |e autor |9 339509 | ||
| 245 | 1 | 3 | |a El cartero del rey |
| 246 | 1 | 3 | |a La luna nueva |
| 250 | |a 3a. ed | ||
| 300 | |a 154 p | ||
| 942 | |c BK | ||
| 945 | |d 19961108 00:00:00 |a rleighto | ||
| 260 | |a Buenos Aires |b Losada |c 1944 | ||
| 650 | 7 | |a DRAMA HINDU |2 CL-VaPUC |9 318073 | |
| 583 | |a last modification |c 19961108 00:00:00 |k Rodrigo Vera | ||
| 490 | 0 | |a Biblioteca Contemporánea, 5 | |
| 999 | |c 253583 |d 253581 | ||
| 952 | |0 0 |1 0 |4 0 |6 891_402000000000000_TAG_1944 |7 0 |8 P |9 274514 |a BIBEDU |b BIBEDU |d 2019-11-19 |i 3249352 |o 891.402 TAG 1944 |p 3249352 |r 2019-11-19 |w 2019-11-19 |y BK |k EDU | ||